000 00800nam a2200253Ia 4500
003 OSt
005 20220923220147.0
006 a|||||r|||| 00| 0
007 ta
008 220922b |||||||| |||| 00| 0 hin d
024 _a184,689
037 _cTextual
040 _aARTS
_cARTS
_bhin
041 _2hin
_ahin
082 _aO152,1NRA2x, L7
100 _aरमेश शेखर
245 0 _aलिखा तुम्हारे लिए
246 _aLikhā tumhāre lie
260 _aबिजनौर
_b हिन्दी साहित्य निकेतन
_c1977
300 _a93 पृ.
_ccm.
650 _aहिन्दी साहित्य
_9156264
942 _hO152,1NRA2x, L7
_cTEXL
_2CC
999 _c337973
_d337973